000 00681nam a22002297a 4500
005 20260616112449.0
010 _aENG-148829 ENG-148853
020 _c105.00
_a9789350693254
020 _c100.00
_a9789350693261
035 _aEN-132361
035 _aEN-132385
037 _bDBAD
082 _a230.2
_21
100 _aBalasubramanyam
_989377
245 _aMy Loving Swami/
_cBalasubramanyam
250 _a1
260 _aAndhra Pradesh
_bSri Sathya sai Sadhana Trust
_c2021
270 _bPrasanthi Nilayam
_aAnantapur Distric
_e515134
_morders@sssbpt.org
_k011-287375
_l287236
300 _a208p.
_c22cm(pb)
490 _v1,2
942 _2ddc
_cEN
_h230.2
_mBAL
999 _c216636
_d216636